000 00533nam a2200181Ia 4500
003 OSt
005 20200206154957.0
008 190216s9999||||xx |||||||||||||| ||und||
020 _a9788182715950
040 _coclc
082 _a297.61
_bMOU/I
100 _a Moulavi, E N Ibraheem
_91876
245 0 _aImam Aboohaneefa /
_c E N Ibraheem Moulavi
260 _bIslamic Publishing House,
_c2012.
_aKozhikode:
300 _a140p
650 _aIslamic History
942 _cBK
_2ddc
_h297.61
_iMOU/I
_k297.61
_mMOU/I
999 _c23008
_d23008